Music Quiz

Random Music or Rock Quiz

Figure Out the Lyrics (Aerosmith) Quiz Stats

 Plays Quiz not verified by Sporcle

Challenge
Share
Tweet
Embed
Score 0/299 Timer 07:00
0 Plays Today
Lyrics % Correct
a
92.5%
a
92.5%
a
92.5%
a
92.5%
a
92.5%
a
92.5%
a
92.5%
a
92.5%
a
92.5%
a
92.5%
a
92.5%
a
92.5%
a
92.5%
a
92.5%
the
90.6%
the
90.6%
the
90.6%
the
90.6%
the
90.6%
The
90.6%
the
90.6%
the
90.6%
the
90.6%
the
90.6%
the
90.6%
the
90.6%
the
90.6%
The
90.6%
the
90.6%
the
90.6%
the
90.6%
the
90.6%
you
84%
you
84%
you
84%
do?
80.7%
do?
80.7%
do?
80.7%
and
77.8%
and
77.8%
to
76.9%
to
76.9%
to
76.9%
on
75%
on
75%
in
75%
on
75%
he
73.6%
he
73.6%
He
73.6%
he
73.6%
He
73.6%
what
73.1%
what
73.1%
What
73.1%
What
73.1%
What
73.1%
What
73.1%
be
72.6%
be
72.6%
be
72.6%
is
71.7%
is
71.7%
is
71.7%
it
71.2%
me
68.4%
me.
68.4%
she
66%
She
66%
She
66%
Her
63.7%
her
63.7%
Her
63.7%
her
63.7%
Her
63.7%
her
63.7%
that
61.8%
that
61.8%
that
61.8%
got
60.8%
got
60.8%
got
60.8%
got
60.8%
got
60.8%
got
60.8%
got
60.8%
got
60.8%
got
60.8%
got
60.8%
got
60.8%
when
60.4%
of
59%
They
58.5%
they
58.5%
They
58.5%
did
58%
did
58%
did
58%
did
58%
my
56.1%
Lyrics % Correct
From
56.1%
from
56.1%
from
56.1%
from
56.1%
from
56.1%
it's
54.2%
it's
54.2%
it's
54.2%
It's
54.2%
gun.
53.3%
gun,
53.3%
gun,
53.3%
gun,
53.3%
gun,
53.3%
gun,
53.3%
gun,
53.3%
gun.
53.3%
gun,
53.3%
gun,
53.3%
gun.
53.3%
was
50%
was
50%
was
50%
his
49.1%
daddy
48.6%
daddy
48.6%
daddy
48.6%
him
48.1%
him
48.1%
Janie
47.6%
just
47.6%
just
47.6%
have
47.2%
have
47.2%
Janie's
46.7%
Janie's
46.7%
Janie's
46.7%
Janie's
46.7%
Janie's
46.7%
Janie's
46.7%
Janie's
46.7%
Janie's
46.7%
Janie's
46.7%
Janie's
46.7%
Janie's
46.7%
said
44.3%
run.
44.3%
say
44.3%
Run
44.3%
run
44.3%
Run
44.3%
run
44.3%
Run
44.3%
run
44.3%
run,
44.3%
run
44.3%
run.
44.3%
said
44.3%
Run
44.3%
run
44.3%
Run
44.3%
run
44.3%
Run
44.3%
run
44.3%
run,
44.3%
run
44.3%
run.
44.3%
has
42.9%
Now
42.5%
Now
42.5%
now
42.5%
Now
42.5%
had
42%
had
42%
had
42%
had
42%
man,
41.5%
man
41.5%
man
41.5%
done?
41%
done?
41%
at
41%
never
41%
never
41%
away,
40.1%
away
40.1%
away,
40.1%
away
40.1%
away,
40.1%
away,
40.1%
away.
40.1%
away,
40.1%
away
40.1%
away,
40.1%
away,
40.1%
away,
40.1%
away,
40.1%
away.
40.1%
But
39.6%
yeah,
37.7%
Lyrics % Correct
yeah
37.7%
yeah
37.7%
yeah
37.7%
yeah
37.7%
yeah
37.7%
yeah
37.7%
yeah
37.7%
yeah
37.7%
yeah
37.7%
yeah
37.7%
yeah,
37.7%
yeah,
37.7%
yeah
37.7%
yeah
37.7%
yeah,
37.7%
yeah
37.7%
yeah
37.7%
yeah
37.7%
yeah
37.7%
yeah
37.7%
yeah
37.7%
yeah
37.7%
put
37.3%
baby,
37.3%
put
37.3%
come
36.3%
Tell
35.8%
gonna
35.4%
gonna
35.4%
same.
34.4%
same.
34.4%
take
32.5%
down
32.1%
last
31.6%
under
31.1%
pain,
31.1%
pain,
31.1%
pain
31.1%
pain,
31.1%
little
30.7%
through?
29.2%
ain't
28.8%
ain't
28.8%
day's
28.3%
begun,
28.3%
day's
28.3%
begun,
28.3%
bullet
28.3%
found
26.9%
brain.
26.4%
'cause
26.4%
undone,
25.5%
knew
25%
I.O.U.
24.5%
world's
23.6%
whole
23.1%
everybody
22.6%
everybody
22.6%
Everybody
22.6%
arrested,
22.2%
comin'
22.2%
insane.
22.2%
sound
21.7%
sound.
21.7%
such
19.8%
bitty
19.3%
dog
18.9%
dog
18.9%
underneath
18.4%
train.
17.9%
easy,
17.5%
nobody
17%
lookin'
16.5%
thunder
16%
sleeze.
16%
honey
15.6%
honey
15.6%
sun.
15.6%
lightning
15.1%
believes
15.1%
untrue.
13.2%
spell
13.2%
someone
12.7%
stop
12.7%
Dum,
12.3%
dum,
12.3%
dum,
12.3%
Dum,
12.3%
dum,
12.3%
dum
12.3%
Dum,
12.3%
dum,
12.3%
dum,
12.3%
Dum,
12.3%
dum,
12.3%
dum
12.3%
straight
10.8%
rain.
9.4%
jacked
8%

You're not logged in!

Compare scores with friends on all Sporcle quizzes.
Join for Free
OR
Log In

You Might Also Like...

Show Comments

Extras

Top Quizzes Today


Score Distribution

Your Account Isn't Verified!

In order to create a playlist on Sporcle, you need to verify the email address you used during registration. Go to your Sporcle Settings to finish the process.

Report this User

Report this user for behavior that violates our Community Guidelines.

Details: